000 00508nam a2200181Ia 4500
999 _c28331
_d28331
003 OSt
005 20210105104703.0
008 190216s9999||||xx |||||||||||||| ||und||
020 _a9798188582524
040 _coclc
082 _a894.812301
_bPAR/C
100 _aParamel, Ipe
_98133
245 0 _aCherappayi Kathakal /
_cIpe Paramel
260 _bGreen Books,
_c2005.
_aThrissur:
300 _a196p
650 _aMalayalam
942 _cBK
_2ddc
_h894.812301
_iPAR/C
_k894.812301
_mPAR/C